Island of the blue dolphins / (Record no. 186)
[ view plain ]
| 000 -LEADER | |
|---|---|
| fixed length control field | 00760cam a2200289 4500 |
| 001 - CONTROL NUMBER | |
| control field | 4057234 |
| 003 - CONTROL NUMBER IDENTIFIER | |
| control field | PILC |
| 005 - DATE AND TIME OF LATEST TRANSACTION | |
| control field | 20160728143712.0 |
| 008 - FIXED-LENGTH DATA ELEMENTS--GENERAL INFORMATION | |
| fixed length control field | 730208s1960 mau j 000 1 eng |
| 010 ## - LIBRARY OF CONGRESS CONTROL NUMBER | |
| LC control number | 60005213 |
| 020 ## - INTERNATIONAL STANDARD BOOK NUMBER | |
| International Standard Book Number | 9780440220213 |
| 040 ## - CATALOGING SOURCE | |
| Original cataloging agency | DLC |
| Transcribing agency | DLC |
| Modifying agency | DLC |
| 050 00 - LIBRARY OF CONGRESS CALL NUMBER | |
| Classification number | PZ 7 |
| Item number | .Od237 1960 |
| 082 ## - DEWEY DECIMAL CLASSIFICATION NUMBER | |
| Classification number | FIC |
| Item number | Od2i 1960 |
| 100 1# - MAIN ENTRY--PERSONAL NAME | |
| Personal name | O'Dell, Scott, |
| Dates associated with a name | 1898-1989. |
| 9 (RLIN) | 4635 |
| 245 10 - TITLE STATEMENT | |
| Title | Island of the blue dolphins / |
| Remainder of title | Scott O'Dell. |
| 260 ## - PUBLICATION, DISTRIBUTION, ETC. (IMPRINT) | |
| Place of publication, distribution, etc | New York : |
| Name of publisher, distributor, etc | Houghton Mifflin, |
| Date of publication, distribution, etc | c1960. |
| 300 ## - PHYSICAL DESCRIPTION | |
| Extent | 184 p. : |
| Dimensions | 20 cm. |
| 562 ## - COPY AND VERSION IDENTIFICATION NOTE | |
| Number of copies | 1 |
| 650 ## - SUBJECT ADDED ENTRY--TOPICAL TERM | |
| Topical term or geographic name as entry element | Fiction. |
| 9 (RLIN) | 746 |
| 906 ## - LOCAL DATA ELEMENT F, LDF (RLIN) | |
| a | 7 |
| b | cbc |
| c | orignew |
| d | 3 |
| e | ocip |
| f | 19 |
| g | y-gencatlg |
| 942 ## - ADDED ENTRY ELEMENTS (KOHA) | |
| Source of classification or shelving scheme | Library of Congress Classification |
| Koha item type | Books |
| 942 ## - ADDED ENTRY ELEMENTS (KOHA) | |
| Source of classification or shelving scheme | Library of Congress Classification |
| Classification part | |
| Withdrawn status | Lost status | Source of classification or shelving scheme | Damaged status | Home library | Current library | Shelving location | Date acquired | Source of acquisition | Total Checkouts | Full call number | Barcode | Date last seen | Copy number | Price effective from | Koha item type | Total Renewals | Date checked out |
|---|---|---|---|---|---|---|---|---|---|---|---|---|---|---|---|---|---|
| Library of Congress Classification | Luxembourg Library | Luxembourg Library | Kids Fiction Section | 01/12/2012 | Donation | PZ 7 .Od23 1987 | 4859 | 06/10/2017 | 1 | 10/03/2013 | Books | ||||||
| Library of Congress Classification | Luxembourg Library | Luxembourg Library | Kids Fiction Section | 07/26/2013 | Donation | PZ 7 .Od23 1987 | 10743 | 06/10/2017 | 2 | 07/26/2013 | Books | ||||||
| Library of Congress Classification | Luxembourg Library | Luxembourg Library | Kids Fiction Section | 07/29/2013 | Donation | PZ 7 .Od23 1987 | 4042 | 06/10/2017 | 1 | 07/29/2013 | Books | ||||||
| Library of Congress Classification | Luxembourg Library | Luxembourg Library | Kids Fiction Section | 07/29/2013 | Donation | PZ 7 .Od23 1987 | 18226 | 06/10/2017 | 1 | 07/29/2013 | Books | ||||||
| Library of Congress Classification | Luxembourg Library | Luxembourg Library | Fiction Section | 09/14/2013 | 2 | PZ 7 .Od237 1960 | 18914 | 11/21/2024 | 1 | 09/14/2013 | Books | 4 | 11/14/2024 | ||||
| Library of Congress Classification | Luxembourg Library | Luxembourg Library | Fiction Section | 09/17/2013 | PZ 7 .Od237i1 1960 | 4928 | 09/17/2013 | 1 | 09/17/2013 | Books | |||||||
| Library of Congress Classification | Luxembourg Library | Luxembourg Library | Fiction Section | 09/17/2013 | PZ 7 .Od237i2 1960 | 1928 | 09/17/2013 | 2 | 09/17/2013 | Books |